Construya su carrera : (Registro nro. 6471)
[ vista simple ]
| 000 -LEADER | |
|---|---|
| fixed length control field | 01986nam a22003257a 4500 |
| 003 - CONTROL NUMBER IDENTIFIER | |
| control field | OSt |
| 005 - DATE AND TIME OF LATEST TRANSACTION | |
| control field | 20200212164447.0 |
| 008 - FIXED-LENGTH DATA ELEMENTS--GENERAL INFORMATION | |
| fixed length control field | 200210s2009 cl o|||fr|||| 00| 0 spa d |
| 020 ## - INTERNATIONAL STANDARD BOOK NUMBER | |
| International Standard Book Number | 9789568827069 |
| 040 ## - CATALOGING SOURCE | |
| Original cataloging agency | CO-JMCR |
| Transcribing agency | CO-JMCR |
| 041 1# - LANGUAGE CODE | |
| Language code of text/sound track or separate title | spa |
| Language code of original | eng |
| 082 ## - DEWEY DECIMAL CLASSIFICATION NUMBER | |
| Classification number | 658.409 / |
| Item number | W19c |
| Edition number | 20 |
| 100 1# - MAIN ENTRY--PERSONAL NAME | |
| Personal name | Waldroop, James, |
| Relator term | autor |
| 9 (RLIN) | 347 |
| 245 10 - TITLE STATEMENT | |
| Title | Construya su carrera : |
| Remainder of title | soluciones prácticas para los desafíos del día a día / |
| Statement of responsibility, etc. | James Waldroop y Timothy Butler |
| 250 ## - EDITION STATEMENT | |
| Edition statement | 1a. edición |
| 260 ## - PUBLICATION, DISTRIBUTION, ETC. | |
| Place of publication, distribution, etc. | Santiago de Chile : |
| Name of publisher, distributor, etc. | Harvard Business Press, |
| Date of publication, distribution, etc. | 2009 |
| 300 ## - PHYSICAL DESCRIPTION | |
| Extent | x, 94 páginas : |
| Other physical details | fotografías a blanco y negro ; |
| Dimensions | 18 cm. |
| 490 0# - SERIES STATEMENT | |
| Series statement | Serie Pocket Mentor |
| 500 ## - GENERAL NOTE | |
| General note | Incluye datos biográficos de los autores en tapa posterior. |
| 500 ## - GENERAL NOTE | |
| General note | "Conózcase, identifique oportunidades, desarrolle nuevas habilidades, tome la iniciativa"--Tapa |
| 500 ## - GENERAL NOTE | |
| General note | Título original: Shaping your career |
| 505 0# - FORMATTED CONTENTS NOTE | |
| Formatted contents note | Construya su carrera: lo básico -- ¿Qué significa construir su carrera? -- Hacerse cargo de su carrera -- Conocerse a sí mismo -- Comprender sus vocaciones en los negocios -- Clasificar sus valores respecto de las recompensas laborales -- Evaluar sus destrezas -- Encontrar oportunidades de desarrollo en su empresa -- Ayudar a otros a gestionar sus carreras -- Consejos y herramientas -- Herramientas de construya su carrera |
| 520 ## - SUMMARY, ETC. | |
| Summary, etc. | Su carrera no es una decisión que se toma una sola vez a edad temprana. Más bien, se perfecciona y se vuelve a definir a medida que usted crece profesionalmente. Construya su carrera lo ayuda a: reconocer cuándo y por qué es tiempo de cambiar, actualizar sus destrezas para mantenerse competitivo, detectar oportunidade para el desarrollo de carrera. |
| 546 ## - LANGUAGE NOTE | |
| Language note | Traducido del inglés |
| 650 14 - SUBJECT ADDED ENTRY--TOPICAL TERM | |
| Topical term or geographic name entry element | Orientación profesional |
| 9 (RLIN) | 348 |
| 650 14 - SUBJECT ADDED ENTRY--TOPICAL TERM | |
| Topical term or geographic name entry element | Desarrollo de carrera |
| General subdivision | habilidades |
| 9 (RLIN) | 349 |
| 650 14 - SUBJECT ADDED ENTRY--TOPICAL TERM | |
| Topical term or geographic name entry element | Cualificaciones vocacionales |
| 9 (RLIN) | 350 |
| 700 1# - ADDED ENTRY--PERSONAL NAME | |
| Personal name | Butler, Timothy, |
| Relator term | autor |
| 9 (RLIN) | 351 |
| 942 ## - ADDED ENTRY ELEMENTS (KOHA) | |
| Source of classification or shelving scheme | Dewey Decimal Classification |
| Koha item type | Books |
| Withdrawn status | Lost status | Source of classification or shelving scheme | Damaged status | Not for loan | Collection code | Home library | Current library | Shelving location | Date acquired | Source of acquisition | Cost, normal purchase price | Total Checkouts | Full call number | Barcode | Date last seen | Date last checked out | Copy number | Price effective from | Koha item type |
|---|---|---|---|---|---|---|---|---|---|---|---|---|---|---|---|---|---|---|---|
| Dewey Decimal Classification | Non-fiction | Biblioteca Pública José María del Castillo y Rada | Biblioteca Pública José María del Castillo y Rada | Processing Center | 12/26/2019 | Donación | 0.00 | 1 | 658.409 / W19c | 201809779 | 07/07/2025 | 07/04/2025 | Ej.1 | 02/10/2020 | Books |